000
00328nam a2200145Ia 4500
008
150201s2010 xx 000 0 und d
082
_a
615
_b
N10I
100
_a
IPC
245
_a
NFI NATIONAL FORMULARY OF INDIA
250
_a
4TH
260
_b
IPC
_a
INDIA
_c
2010
300
_a
1-675
650
_a
PHARMACOLOGY
942
_2
ddc
_c
BK
999
_c
1746
_d
1746